England County Quiz - Wiltshire - Statistics

General Stats
  • This quiz has been taken 258 times
  • The average score is 8 of 15
Answer Stats
Hint Answer % Correct
Famous prehistoric monument with a ring of standing stones set within earthworks Stonehenge
96%
Motorway which passes through the north of the county M4
86%
Ancient city, and the location of a 13th-century cathedral with Britain's tallest spire Salisbury
86%
Largest town in the county which grew hugely with the coming of the railways Swindon
76%
Elizabethan country house and estate which is home to a popular safari park Longleat
62%
Wiltshire born architect, who is most famous for designing St. Paul's Cathedral Sir Christopher Wren
57%
Neolithic henge monument containing the largest megalithic stone circle in the world Avebury
53%
County town Trowbridge
51%
Iron Age hill fort which is the site of the earliest settlement of the above city Old {Sarum}
45%
Caen Hill is a flight of 29 locks located on this canal near the town of Devizes {Kennet} and Avon Canal
43%
Area of Outstanding Natural Beauty occupying part of the south of the county Cranborne {Chase}
38%
Born at Wolfhall in Burbage, this woman was queen of England from 1536 to 1537 Jane Seymour
36%
During his time living in Calne, this chemist and natural philosopher discovered oxygen Joseph Priestley
21%
Large country estate,and Palladian Mansion in the southwest of the county Stourhead
16%
Photography pioneer from Lacock Abbey, responsible for some of the world's oldest photos William Henry Fox Talbot
16%
No matching quizzes found
Score Distribution
Percent of People with Each Score
Percentile by Number Answered
Your Score History
You have not taken this quiz